Central Library OPAC University of Rajshahi

Topological vector spaces and distributions / (Record no. 50516)

MARC details
000 -LEADER
fixed length control field 00878nam a2200265 a 4500
001 - CONTROL NUMBER
control field 50516
003 - CONTROL NUMBER IDENTIFIER
rucl marc code BD-RjUL
005 - DATE AND TIME OF LATEST TRANSACTION
control field 20211209075524.0
008 - FIXED-LENGTH DATA ELEMENTS--GENERAL INFORMATION
fixed length control field 160827s1966 mau b 000 0 eng
035 ## - SYSTEM CONTROL NUMBER
System control number (BD-RjUL)50636
040 ## - CATALOGING SOURCE
Original cataloging agency DLC/ICU
Transcribing agency ICU
Modifying agency DLC
-- OCoLC
-- DLC
-- BD-RjUL
Language of cataloging eng
041 ## - LANGUAGE CODE
Language code of text/sound track or separate title eng
082 00 - DEWEY DECIMAL CLASSIFICATION NUMBER
Classification number 515.73
Edition number 23
Author mark and year HOT 1966
100 1# - MAIN ENTRY--PERSONAL NAME
Personal name Horváth, John,
Dates associated with a name 1924-
9 (RLIN) 151323
245 10 - TITLE STATEMENT
Title Topological vector spaces and distributions /
Statement of responsibility, etc. John Horváth
260 ## - PUBLICATION, DISTRIBUTION, ETC. (IMPRINT)
Place of publication, distribution, etc. London :
Name of publisher, distributor, etc. Addison-Wesley Pub. Co.
Date of publication, distribution, etc. 1966
300 ## - PHYSICAL DESCRIPTION
Pagination Vol. ;
Size 23 cm.
504 ## - BIBLIOGRAPHY, ETC. NOTE
Bibliography, etc Includes Bibliography and Index
505 ## - FORMATTED CONTENTS NOTE
Formatted contents note Vol. 1. --
650 #0 - SUBJECT ADDED ENTRY--TOPICAL TERM
Topical term or geographic name as entry element Linear topological spaces.
9 (RLIN) 151067
Topical term or geographic name as entry element Theory of distributions (Functional analysis)
9 (RLIN) 151324
830 ## - SERIES ADDED ENTRY--UNIFORM TITLE
Uniform title Addison-Wesley series in mathematics
942 ## - ADDED ENTRY ELEMENTS (KOHA)
Source of classification or shelving scheme Dewey Decimal Classification
Koha item type Books
Holdings
Lost status Source of classification or shelving scheme Damaged status Not for loan Collection code Permanent Location Current Location Shelving location Date acquired Source of acquisition Cost, normal purchase price Total Checkouts Full call number Date last seen Copy number Koha item type
  Dewey Decimal Classification     Non-fiction Central Library, University of Rajshahi Central Library, University of Rajshahi   27/08/2016 Sweets and Zeithlinger 118.00   515.73 HOT V-1 1966 27/08/2016 C-2 Books